000 00314nam a22001337a 4500
008 170616b xxu||||| |||| 00| 0 eng d
020 _a013945098
041 _aeng
080 _a94
100 _a18
101 _aSHH
245 _aTHESE UNITED STATES THE QUESTIONS OF OURT PAST
_cUNGER.I
942 _2udc
_cBK
999 _c17922
_d17922